[Event "Oberliga Ost-B 0607"]
[Site "Germany"]
[Date "2007.02.25"]
[Round "7.3"]
[White "Rasch, Holger"]
[Black "Fuhrmann, Daniel"]
[Result "1/2-1/2"]
[WhiteElo "2272"]
[BlackElo "2281"]
[PlyCount "35"]
[EventDate "2006.10.15"]
[EventType "team-tourn"]
[EventRounds "11"]
[EventCountry "GER"]
[SourceTitle "EXT 2008"]
[Source "ChessBase"]
[SourceDate "2007.11.25"]
[SourceVersion "1"]
[SourceVersionDate "2007.11.25"]
[SourceQuality "1"]
[WhiteTeam "Steinbach"]
[BlackTeam "Erfurt SK II"]
[WhiteTeamCountry "GER"]
[BlackTeamCountry "GER"]

1. e4 c5 2. c3 d5 3. exd5 Qxd5 4. d4 Nf6 5. Nf3 Bg4 6. Be2 e6 7. 0-0 Nc6 8. Be3 cxd4 9. Nxd4 Bxe2 10. Qxe2 Nxd4 11. Bxd4 Be7 12. Rd1 Qc6 13. c4 0-0 14. Nc3 a6 15. a3 Rac8 16. b3 Rfd8 17. h3 h6 18. a4 1/2-1/2

[Event "Warsaw AIG Life rapid 3rd-4th"]
[Site "Warsaw"]
[Date "2005.03.10"]
[Round "5"]
[White "Fuhrmann, Daniel"]
[Black "Bobras, Piotr"]
[Result "0-1"]
[WhiteElo "1052"]
[BlackElo "1247"]
[PlyCount "84"]
[EventDate "2005.12.17"]
[EventType "match (rapid)"]
[EventRounds "2"]
[EventCountry "POL"]
[SourceTitle "EXT 2007"]
[Source "ChessBase"]
[SourceDate "2006.11.23"]
[SourceVersion "1"]
[SourceVersionDate "2006.11.23"]
[SourceQuality "1"]

1. d4 Nf6 2. c4 g6 3. Nf3 d5 4. e3 Bg7 5. Nc3 0-0 6. cxd5 Nxd5 7. Bc4 Nxc3 8. bxc3 c5 9. 0-0 cxd4 10. exd4 Nc6 11. a4 Na5 12. Be2 Qc7 13. Qc2 Bf5 14. Qb2 Rac8 15. Bd2 b6 16. Rfc1 Nc4 17. Qa2 Nxd2 18. Qxd2 Rcd8 19. Rd1 Qd6 20. Rac1 Bd7 21. Bb5 Bc6 22. Qe3 Bb7 23. Bc4 e6 24. Bb3 Rfe8 25. c4 Bxf3 26. Qxf3 Bxd4 27. Kh1 Qc5 28. Rc2 f5 29. Qe2 e5 30. f3 e4 31. f4 Qa3 32. Rb1 Qc5 33. Ba2 a6 34. h3 Kg7 35. h4 Be3 36. Qf1 Rd3 37. Rb3 Red8 38. Rb1 Qd6 39. g3 Bc5 40. Rcc1 Rd2 41. Bb3 e3 42. Re1 Qc6+ 0-1

[Event "Oberliga Ost-B 0304"]
[Site "Germany"]
[Date "2004.02.14"]
[Round "6.3"]
[White "Pfleger, Sascha"]
[Black "Fuhrmann, Daniel"]
[Result "0-1"]
[WhiteElo "2213"]
[BlackElo "2300"]
[PlyCount "76"]
[EventDate "2003.11.02"]
[EventType "team-tourn"]
[EventRounds "11"]
[EventCountry "GER"]
[SourceTitle "EXT 2005"]
[Source "ChessBase"]
[SourceDate "2004.11.15"]
[SourceVersion "1"]
[SourceVersionDate "2004.11.15"]
[SourceQuality "1"]
[WhiteTeam "Jena Glas"]
[BlackTeam "Erfurt SK II"]
[WhiteTeamCountry "GER"]
[BlackTeamCountry "GER"]

1. d4 d5 2. c4 e6 3. Nc3 Nf6 4. Bg5 Be7 5. Nf3 0-0 6. e3 b6 7. Be2 Bb7 8. Bxf6 Bxf6 9. cxd5 exd5 10. b4 c6 11. 0-0 Re8 12. Qb3 a6 13. a4 Qd6 14. a5 b5 15. Ne1 Nd7 16. Bg4 Bd8 17. Nd3 Bc7 18. g3 Bc8 19. Ne2 Nf6 20. Bxc8 Raxc8 21. Nc5 Ne4 22. Nxe4 Rxe4 23. Rac1 Re6 24. Rc5 Qd7 25. Kg2 Rh6 26. Ng1 Bd6 27. Rc2 Bf8 28. Qb1 Qe7 29. Rb2 Qg5 30. Qd1 Re8 31. h4 Qg6 32. Qb1 Re4 33. Nf3 Qh5 34. Ng5 Rxh4 35. Qf5 Rh2+ 36. Kg1 Rh1+ 37. Kg2 Qh2+ 38. Kf3 Rf6 0-1

[Event "BL2-Ost 0203"]
[Site "Germany"]
[Date "2003.03.09"]
[Round "8.3"]
[White "Siepelt, Heiner"]
[Black "Fuhrmann, Daniel"]
[Result "1-0"]
[WhiteElo "2342"]
[BlackElo "2303"]
[PlyCount "85"]
[EventDate "2002.10.20"]
[EventType "team-tourn"]
[EventRounds "9"]
[EventCountry "GER"]
[SourceTitle "EXT 2004"]
[Source "ChessBase"]
[SourceDate "2003.11.25"]
[SourceVersion "1"]
[SourceVersionDate "2003.11.25"]
[SourceQuality "1"]
[WhiteTeam "Wuerzburg"]
[BlackTeam "Erfurt SK II"]
[WhiteTeamCountry "GER"]
[BlackTeamCountry "GER"]

1. e4 c5 2. Nf3 e6 3. d3 Nc6 4. Nbd2 d5 5. g3 Nf6 6. Bg2 Be7 7. 0-0 0-0 8. Re1 b5 9. exd5 exd5 10. a4 b4 11. d4 cxd4 12. Nb3 Ne4 13. Nfxd4 Nxd4 14. Nxd4 Bb7 15. Be3 Bf6 16. a5 a6 17. Qd3 Qc7 18. Qb3 Be7 19. Red1 Rfe8 20. Nf5 Bf8 21. Bb6 Qc6 22. Ne3 Re5 23. Bd4 Re6 24. Qa4 Qc7 25. Qa2 Qc6 26. Rac1 Rd8 27. c3 bxc3 28. bxc3 h5 29. Bb6 Rdd6 30. Nf5 Rd7 31. Nd4 Qd6 32. Nxe6 Qxe6 33. Re1 Qf5 34. Qc2 Qf6 35. Bd4 Qg5 36. h4 Qf5 37. Qe2 g6 38. Qf3 Qe6 39. Qf4 Qc6 40. Kh2 Rd8 41. c4 Qd6 42. Be5 Qd7 43. cxd5 1-0

[Event "BL2-Ost 0203"]
[Site "Germany"]
[Date "2002.11.17"]
[Round "2.1"]
[White "Machelett, Heiko"]
[Black "Fuhrmann, Daniel"]
[Result "1-0"]
[WhiteElo "2405"]
[BlackElo "2303"]
[PlyCount "81"]
[EventDate "2002.10.20"]
[EventType "team-tourn"]
[EventRounds "9"]
[EventCountry "GER"]
[SourceTitle "EXT 2004"]
[Source "ChessBase"]
[SourceDate "2003.11.25"]
[SourceVersion "1"]
[SourceVersionDate "2003.11.25"]
[SourceQuality "1"]
[WhiteTeam "Leipzig Gohlis"]
[BlackTeam "Erfurt SK II"]
[WhiteTeamCountry "GER"]
[BlackTeamCountry "GER"]

1. c4 e6 2. Nf3 d5 3. d4 Nf6 4. Nc3 Be7 5. Bf4 0-0 6. e3 c5 7. dxc5 Qa5 8. a3 dxc4 9. Bxc4 Qxc5 10. Qe2 Nc6 11. 0-0 a6 12. Rac1 Qh5 13. Bd3 Bd7 14. Rfd1 Rfd8 15. Bc7 Rdc8 16. Bg3 b5 17. b4 Be8 18. e4 Nd7 19. e5 Nb6 20. Ne4 a5 21. Bxb5 axb4 22. Ba6 Rcb8 23. Nd6 Bxd6 24. exd6 Nd5 25. d7 Bxd7 26. Bxb8 Rxb8 27. axb4 Ncxb4 28. Bc4 h6 29. h3 Be8 30. Qe4 Nf6 31. Qf4 Ra8 32. Bxe6 Nc6 33. Bf5 Ne7 34. Be4 Ra4 35. Re1 Qa5 36. Qd6 Qb4 37. Qd8 Kf8 38. Bc6 Nxc6 39. Rxc6 Ra2 40. Rxf6 gxf6 41. Rxe8+ 1-0

[Event "BL2-Ost 0203"]
[Site "Germany"]
[Date "2002.10.20"]
[Round "1.4"]
[White "Roos, Michael"]
[Black "Fuhrmann, Daniel"]
[Result "1-0"]
[WhiteElo "2382"]
[BlackElo "2303"]
[PlyCount "75"]
[EventDate "2002.10.20"]
[EventType "team-tourn"]
[EventRounds "9"]
[EventCountry "GER"]
[SourceTitle "EXT 2004"]
[Source "ChessBase"]
[SourceDate "2003.11.25"]
[SourceVersion "1"]
[SourceVersionDate "2003.11.25"]
[SourceQuality "1"]
[WhiteTeam "Dresden SC"]
[BlackTeam "Erfurt SK II"]
[WhiteTeamCountry "GER"]
[BlackTeamCountry "GER"]

1. d4 d5 2. c4 e6 3. Nc3 Nf6 4. cxd5 exd5 5. Bg5 Be7 6. e3 0-0 7. Bd3 c6 8. Qc2 Nbd7 9. Nge2 Re8 10. 0-0 Nf8 11. f3 Be6 12. Rad1 Rc8 13. e4 dxe4 14. fxe4 Qa5 15. Qd2 Kh8 16. Ng3 Rcd8 17. e5 Nd5 18. Nge4 Qb4 19. Bb1 Ng6 20. Nd6 Bxd6 21. Bxd8 Rxd8 22. exd6 Qxd6 23. Ne4 Qe7 24. Rde1 h6 25. Nc5 Nf8 26. Qf2 Nf6 27. Qh4 b6 28. Nxe6 Nxe6 29. Bf5 Rd6 30. Qh5 Qd7 31. Bxe6 fxe6 32. Rxf6 gxf6 33. Qxh6+ Kg8 34. Re3 Rd5 35. Qxf6 Qf7 36. Rg3+ Kf8 37. Qh8+ Ke7 38. Rg7 1-0

[Event "Oberliga Ost-A 0102"]
[Site "Germany"]
[Date "2002.02.02"]
[Round "6.2"]
[White "Mehlhorn, Uwe"]
[Black "Fuhrmann, Daniel"]
[Result "0-1"]
[WhiteElo "2180"]
[BlackElo "2325"]
[PlyCount "148"]
[EventDate "2001.10.07"]
[EventType "team"]
[EventRounds "11"]
[EventCountry "GER"]
[SourceTitle "EXT 2003"]
[Source "ChessBase"]
[SourceDate "2002.11.25"]
[SourceVersion "1"]
[SourceVersionDate "2002.11.25"]
[SourceQuality "1"]
[WhiteTeam "Liebschwitz"]
[BlackTeam "Erfurt II"]
[WhiteTeamCountry "GER"]
[BlackTeamCountry "GER"]

1. b4 d5 2. Bb2 Nf6 3. e3 Bf5 4. c4 e6 5. Qb3 Be7 6. Nf3 Nbd7 7. Be2 h6 8. 0-0 0-0 9. d4 dxc4 10. Bxc4 Nb6 11. Be2 Qd5 12. Qxd5 exd5 13. Bc3 Na4 14. Be1 Bd6 15. a3 a6 16. h3 Rfe8 17. Nc3 Nb6 18. Nd2 c6 19. Nb3 Nc4 20. Na5 Nxa5 21. bxa5 c5 22. dxc5 Bxc5 23. Na4 Ba7 24. Ra2 d4 25. Nb6 Rad8 26. exd4 Rxd4 27. Bc3 Rd6 28. Bb4 Rc6 29. Bf3 Be4 30. Bxe4 Rxe4 31. Na4 Nd5 32. Rb1 Rec4 33. Rd2 Rc1+ 34. Rxc1 Rxc1+ 35. Kh2 Nxb4 36. axb4 Rc4 37. Rb2 Bd4 38. Rb3 Bxf2 39. Nb2 Rc2 40. b5 h5 41. Nd3 Bd4 42. bxa6 bxa6 43. Nb4 Be5+ 44. Kg1 Rc5 45. Nxa6 Rxa5 46. Nb8 Ra1+ 47. Kf2 h4 48. Nc6 Bg3+ 49. Kf3 Rf1+ 50. Kg4 g6 51. Rxg3 hxg3 52. Kxg3 Kg7 53. Ne5 Ra1 54. Nf3 Ra3 55. Kg4 Kf6 56. Kf4 Ra4+ 57. Kg3 g5 58. Kh2 Kf5 59. Ng1 Ra3 60. Ne2 Ke5 61. Ng3 f5 62. Ne2 g4 63. hxg4 fxg4 64. Ng3 Kf4 65. Nh5+ Kg5 66. Ng3 Rb3 67. Ne2 Kh4 68. Kh1 g3 69. Ng1 Kg4 70. Nh3 Kf5 71. Ng1 Ke4 72. Ne2 Ra3 73. Ng1 Ke3 74. Nh3 Ra8 0-1

[Event "Oberliga Ost-A 0102"]
[Site "Germany"]
[Date "2001.10.07"]
[Round "1.3"]
[White "Just, Joachim"]
[Black "Fuhrmann, Daniel"]
[Result "0-1"]
[WhiteElo "2192"]
[BlackElo "2325"]
[PlyCount "112"]
[EventDate "2001.10.07"]
[EventType "team"]
[EventRounds "11"]
[EventCountry "GER"]
[SourceTitle "EXT 2003"]
[Source "ChessBase"]
[SourceDate "2002.11.25"]
[SourceVersion "1"]
[SourceVersionDate "2002.11.25"]
[SourceQuality "1"]
[WhiteTeam "Leipzig Lok Mitte II"]
[BlackTeam "Erfurt II"]
[WhiteTeamCountry "GER"]
[BlackTeamCountry "GER"]

1. Nf3 d5 2. d4 e6 3. Bf4 Nf6 4. e3 c5 5. c3 Nc6 6. Nbd2 Bd6 7. Bg3 0-0 8. Bd3 Re8 9. Ne5 Qc7 10. f4 Rb8 11. 0-0 b5 12. Bh4 Be7 13. Bg3 b4 14. f5 Bd6 15. Nxc6 Qxc6 16. Qf3 exf5 17. c4 Be6 18. Nb3 Ne4 19. Bxd6 Qxd6 20. dxc5 Nxc5 21. Nxc5 Qxc5 22. cxd5 Bxd5 23. Qxf5 g6 24. Qf2 Qxe3 25. Qxe3 Rxe3 26. Rfd1 Be6 27. a3 Rd8 28. Bc2 Rc8 29. Bd3 b3 30. Kf2 Re5 31. Rac1 Rec5 32. Rxc5 Rxc5 33. Ke3 Kg7 34. Be4 Kf6 35. Kd4 Rc4+ 36. Kd3 Ke5 37. Bf3 Rc2 38. Rd2 Rxd2+ 39. Kxd2 Kd4 40. g3 h5 41. Bc6 g5 42. Bf3 h4 43. gxh4 gxh4 44. Bd1 f5 45. Bf3 Bd5 46. Bh5 f4 47. Ke2 f3+ 48. Kd2 Ke4 49. Bg6+ Kf4 50. Bd3 Be6 51. Bf1 Ke4 52. Kc3 Ke3 53. Kb4 Kd2 54. Kb5 Kc2 55. Ka6 Kxb2 56. a4 Kc3 0-1

[Event "Bundesliga 9899"]
[Site "Germany"]
[Date "1999.04.17"]
[Round "14.5"]
[White "Hoffmann, Michael"]
[Black "Fuhrmann, Daniel"]
[Result "1-0"]
[WhiteElo "2407"]
[BlackElo "2324"]
[PlyCount "99"]
[EventDate "1998.10.17"]
[EventType "team-tourn"]
[EventRounds "15"]
[EventCountry "GER"]
[SourceTitle "GER-chT"]
[Source "ChessBase"]
[SourceDate "1999.07.01"]
[SourceVersion "1"]
[SourceVersionDate "1999.07.01"]
[SourceQuality "1"]
[WhiteTeam "Castrop Rauxel"]
[BlackTeam "Erfurt"]
[WhiteTeamCountry "GER"]
[BlackTeamCountry "GER"]

1. e4 c6 2. d4 d5 3. exd5 cxd5 4. c4 Nf6 5. Nc3 Nc6 6. Nf3 Bg4 7. cxd5 Nxd5 8. Qb3 Bxf3 9. gxf3 Nb6 10. d5 Nd4 11. Bb5+ Nd7 12. Qa4 Nxb5 13. Qxb5 g6 14. 0-0 Bg7 15. Re1 0-0 16. Bg5 Bf6 17. Bxf6 exf6 18. Re3 Ne5 19. Rd1 Qc8 20. d6 Rd8 21. Qd5 Qc6 22. Qxc6 Nxc6 23. Nd5 Rxd6 24. Ne7+ Nxe7 25. Rxd6 Nf5 26. Rd7 Nxe3 27. fxe3 Rb8 28. e4 g5 29. Kf2 Kg7 30. Ke3 h5 31. h3 Kg6 32. a4 f5 33. exf5+ Kf6 34. f4 g4 35. hxg4 hxg4 36. Kf2 a5 37. Rd5 b6 38. Rb5 Ke7 39. Kg3 Kd6 40. f6 Ke6 41. b4 axb4 42. a5 b3 43. axb6 Kxf6 44. Kxg4 Rb7 45. Rxb3 Ke6 46. Kg5 Kd5 47. Kf6 Ke4 48. f5 Kd5 49. Re3 Kd6 50. Kg7 1-0

[Event "Oberliga Ost-A 9899"]
[Site "Germany"]
[Date "1999.??.??"]
[Round "?"]
[White "Becker, Michael"]
[Black "Fuhrmann, Daniel"]
[Result "0-1"]
[WhiteElo "2315"]
[BlackElo "2315"]
[PlyCount "50"]
[EventDate "1998.10.??"]
[EventType "team"]
[EventRounds "11"]
[EventCountry "GER"]
[SourceTitle "EXT 2000"]
[Source "ChessBase"]
[SourceDate "1999.11.16"]
[SourceVersion "1"]
[SourceVersionDate "1999.11.16"]
[SourceQuality "1"]

1. e4 c6 2. d4 d5 3. Nc3 dxe4 4. Nxe4 Bf5 5. Ng3 Bg6 6. h4 h6 7. Nf3 Nf6 8. h5 Bh7 9. Bd3 Bxd3 10. Qxd3 e6 11. Bd2 c5 12. Ne4 Nbd7 13. 0-0-0 Qc7 14. Nxc5 Nxc5 15. dxc5 Bxc5 16. Be3 0-0 17. Bxc5 Qxc5 18. Qd4 Rac8 19. c3 b5 20. Ne5 a5 21. f4 Qc7 22. Qd6 Qb7 23. g4 Nd5 24. Kb1 Rfd8 25. Qa3 Ne3 0-1

[Event "Bundesliga 9899"]
[Site "Germany"]
[Date "1998.11.22"]
[Round "4.7"]
[White "Machelett, Heiko"]
[Black "Fuhrmann, Daniel"]
[Result "0-1"]
[WhiteElo "2355"]
[BlackElo "2300"]
[PlyCount "78"]
[EventDate "1998.10.17"]
[EventType "team-tourn"]
[EventRounds "15"]
[EventCountry "GER"]
[SourceTitle "GER-chT"]
[Source "ChessBase"]
[SourceDate "1999.07.01"]
[SourceVersion "1"]
[SourceVersionDate "1999.07.01"]
[SourceQuality "1"]
[WhiteTeam "Magdeburg USC"]
[BlackTeam "Erfurt"]
[WhiteTeamCountry "GER"]
[BlackTeamCountry "GER"]

1. d4 d5 2. c4 e6 3. Nc3 Nf6 4. cxd5 exd5 5. Bg5 Be7 6. e3 c6 7. Bd3 Nbd7 8. Qc2 0-0 9. Nge2 Re8 10. f3 Nf8 11. 0-0 Be6 12. Rad1 Rc8 13. Kh1 N6d7 14. Bf4 Qa5 15. Bg3 b5 16. a3 Nb6 17. Nf4 Nc4 18. Rfe1 Red8 19. Nxe6 fxe6 20. Ra1 Qb6 21. Qe2 a6 22. Rad1 c5 23. dxc5 Bxc5 24. e4 Bd4 25. Bh4 Nxb2 26. Bxd8 Qxd8 27. Nxb5 axb5 28. Rb1 Na4 29. Rbc1 Nc3 30. Qd2 dxe4 31. Bxe4 Bf6 32. Qe3 Qa5 33. Bd3 Ra8 34. g4 Nd5 35. Qe4 Qxa3 36. Bxb5 Nc3 37. Qc6 Nxb5 38. g5 Nd4 39. Qe4 Qxf3+ 0-1

[Event "GER-ch 70th"]
[Site "Bremen"]
[Date "1998.11.14"]
[Round "9"]
[White "Lutz, Klaus Juergen"]
[Black "Fuhrmann, Daniel"]
[Result "0-1"]
[WhiteElo "2290"]
[BlackElo "2315"]
[PlyCount "88"]
[EventDate "1998.11.06"]
[EventType "swiss"]
[EventRounds "9"]
[EventCountry "GER"]
[SourceTitle "CBM 068"]
[Source "ChessBase"]
[SourceDate "1999.02.01"]
[SourceVersion "1"]
[SourceVersionDate "1999.02.01"]
[SourceQuality "1"]

1. e4 c5 2. c3 d5 3. exd5 Qxd5 4. d4 Nf6 5. Nf3 Bg4 6. Be2 cxd4 7. cxd4 e6 8. 0-0 Nc6 9. h3 Bh5 10. Nc3 Qd6 11. Be3 Be7 12. a3 0-0 13. Qb3 a6 14. Rfd1 Rfd8 15. Rac1 b5 16. Qa2 Rac8 17. b4 h6 18. Qb3 Bf8 19. Rc2 Ne7 20. Rdc1 Bg6 21. Ra2 Ned5 22. Ne5 Bf5 23. Raa1 Nxe3 24. fxe3 Nd7 25. Nf3 Qg3 26. Bf1 Nf6 27. Ne2 Qb8 28. Qd1 Bd6 29. Qe1 Be4 30. Nd2 Bb7 31. Qh4 e5 32. Nb3 Re8 33. Rxc8 Qxc8 34. Rc1 Qf5 35. Nc5 Bd5 36. Ng3 Qg6 37. e4 exd4 38. exd5 Bxg3 39. Qxd4 Qg5 40. Rd1 Bf4 41. Qb2 Be3+ 42. Kh1 Qg3 43. Be2 Bf4 44. Kg1 Qh2+ 0-1

[Event "GER-ch 70th"]
[Site "Bremen"]
[Date "1998.11.13"]
[Round "8"]
[White "Gutman, Lev"]
[Black "Fuhrmann, Daniel"]
[Result "1-0"]
[WhiteElo "2480"]
[BlackElo "2315"]
[PlyCount "103"]
[EventDate "1998.11.06"]
[EventType "swiss"]
[EventRounds "9"]
[EventCountry "GER"]
[SourceTitle "CBM 068"]
[Source "ChessBase"]
[SourceDate "1999.02.01"]
[SourceVersion "1"]
[SourceVersionDate "1999.02.01"]
[SourceQuality "1"]

1. Nf3 d5 2. g3 Nf6 3. Bg2 e6 4. 0-0 Be7 5. c4 0-0 6. d4 dxc4 7. Qc2 a6 8. Qxc4 b5 9. Qc2 Bb7 10. Bg5 Nbd7 11. Bxf6 Nxf6 12. Nbd2 Rc8 13. Nb3 Be4 14. Qc1 c5 15. dxc5 Qc7 16. Rd1 Bd5 17. Nfd4 Bxc5 18. Nxc5 Qxc5 19. Qxc5 Rxc5 20. Bxd5 Rxd5 21. Nc6 Rxd1+ 22. Rxd1 g6 23. Rc1 Nd7 24. Na5 Rb8 25. Rc7 Ne5 26. f4 Nc4 27. Nc6 Rb6 28. b3 Nd6 29. Ne5 b4 30. Kg2 a5 31. Ra7 Rb5 32. Kf3 Rc5 33. g4 Nb5 34. Ra8+ Kg7 35. g5 Nc7 36. Ra7 Rc3+ 37. Kf2 Rc5 38. h4 h6 39. Nd3 Rc3 40. Rxa5 Nd5 41. Ra7 hxg5 42. hxg5 Kf8 43. Rb7 Ke8 44. Kf3 Kf8 45. Ke4 Rc2 46. e3 Nc3+ 47. Kf3 Rxa2 48. Nxb4 Ra1 49. Rb8+ Ke7 50. Nc6+ Kd6 51. Ne5 Ra7 52. Rd8+ 1-0

[Event "Bundesliga 9899"]
[Site "Germany"]
[Date "1998.10.17"]
[Round "1.8"]
[White "Rudolf, Henrik"]
[Black "Fuhrmann, Daniel"]
[Result "1-0"]
[WhiteElo "2275"]
[BlackElo "2300"]
[PlyCount "81"]
[EventDate "1998.10.17"]
[EventType "team-tourn"]
[EventRounds "15"]
[EventCountry "GER"]
[SourceTitle "GER-chT"]
[Source "ChessBase"]
[SourceDate "1999.07.01"]
[SourceVersion "1"]
[SourceVersionDate "1999.07.01"]
[SourceQuality "1"]
[WhiteTeam "Neukoelln"]
[BlackTeam "Erfurt"]
[WhiteTeamCountry "GER"]
[BlackTeamCountry "GER"]

1. e4 c6 2. d4 d5 3. exd5 cxd5 4. c4 Nf6 5. Nc3 Nc6 6. Nf3 Bg4 7. cxd5 Nxd5 8. Qb3 Bxf3 9. gxf3 Nb6 10. d5 Nd4 11. Bb5+ Nd7 12. Qa4 Nxf3+ 13. Kf1 a6 14. Be2 Nfe5 15. f4 b5 16. Qd4 Nc4 17. a4 Na5 18. Ne4 Nb6 19. Nc5 Qxd5 20. Qxd5 Nxd5 21. axb5 e6 22. Rxa5 Bxc5 23. bxa6 Bb6 24. Ra3 0-0 25. Kg2 Rfc8 26. Kf3 f6 27. Rd1 Rc2 28. Rb3 Bc7 29. Rb7 Rc6 30. Bd2 Kf8 31. Rc1 Rxc1 32. Bxc1 Ke7 33. b4 Kd6 34. Ba3 Rb8 35. b5+ Kd7 36. Rxb8 Bxb8 37. Bc5 Bd6 38. Bf2 Kc7 39. Bc4 Nxf4 40. b6+ Kb8 41. a7+ 1-0

[Event "Bundesliga 9798"]
[Site "Germany"]
[Date "1998.03.29"]
[Round "13.7"]
[White "Berndt, Stephan"]
[Black "Fuhrmann, Daniel"]
[Result "1-0"]
[WhiteElo "2360"]
[BlackElo "2295"]
[PlyCount "99"]
[EventDate "1997.10.18"]
[EventType "team-tourn"]
[EventRounds "15"]
[EventCountry "GER"]
[SourceTitle "GER-chT"]
[Source "ChessBase"]
[SourceDate "1999.07.01"]
[SourceVersion "1"]
[SourceVersionDate "1999.07.01"]
[SourceQuality "1"]
[WhiteTeam "Neukoelln"]
[BlackTeam "Erfurt"]
[WhiteTeamCountry "GER"]
[BlackTeamCountry "GER"]

1. e4 c6 2. d4 d5 3. exd5 cxd5 4. c4 Nf6 5. Nc3 Nc6 6. Nf3 Bg4 7. cxd5 Nxd5 8. Qb3 Bxf3 9. gxf3 Nb6 10. d5 Nd4 11. Bb5+ Nd7 12. Qa4 Nxb5 13. Qxb5 g6 14. 0-0 Bg7 15. Re1 0-0 16. Bg5 Ne5 17. Re3 f6 18. Bf4 Qc8 19. Bxe5 fxe5 20. Ne4 Rb8 21. Nc5 Bh6 22. Rc3 Qh3 23. Qf1 Qf5 24. Ne6 Rfc8 25. Qe2 b5 26. Rd1 b4 27. Rc4 Rxc4 28. Qxc4 Qxf3 29. Rd3 Qf7 30. Qc7 Qe8 31. Qxe5 Rc8 32. Rh3 Bf8 33. Kg2 Rc4 34. Rf3 Bh6 35. h3 a5 36. d6 exd6 37. Qd5 Qc6 38. Qxa5 Qc8 39. Qd5 Qc6 40. Qd3 Bg7 41. Nd8 Qc5 42. Nb7 Qd4 43. Qb3 d5 44. Nd6 Rc5 45. Qa4 h6 46. Qa7 h5 47. Rf7 Rc1 48. Qe7 Qe5 49. Rf8+ Kh7 50. Rh8+ 1-0

[Event "Bundesliga 9798"]
[Site "Germany"]
[Date "1998.02.28"]
[Round "10.8"]
[White "Hermesmann, Hans"]
[Black "Fuhrmann, Daniel"]
[Result "0-1"]
[WhiteElo "2280"]
[BlackElo "2295"]
[PlyCount "71"]
[EventDate "1997.10.18"]
[EventType "team-tourn"]
[EventRounds "15"]
[EventCountry "GER"]
[SourceTitle "GER-chT"]
[Source "ChessBase"]
[SourceDate "1999.07.01"]
[SourceVersion "1"]
[SourceVersionDate "1999.07.01"]
[SourceQuality "1"]
[WhiteTeam "Castrop Rauxel"]
[BlackTeam "Erfurt"]
[WhiteTeamCountry "GER"]
[BlackTeamCountry "GER"]

1. d4 d5 2. c4 e6 3. Nc3 Nf6 4. cxd5 exd5 5. Bg5 Be7 6. e3 c6 7. Bd3 Nbd7 8. Qc2 0-0 9. Nf3 Re8 10. h3 Nf8 11. 0-0 Bd6 12. Rae1 Be6 13. Ne5 Rc8 14. f4 Be7 15. f5 Bd7 16. e4 c5 17. exd5 cxd4 18. d6 Bxd6 19. Nxf7 Qb6 20. Rxe8 Bxe8 21. Na4 Rxc2 22. Nxb6 Bxf7 23. Bxc2 axb6 24. a3 N8d7 25. b4 Nd5 26. Be4 N7f6 27. Bf3 h6 28. Bd2 b5 29. Rc1 Nb6 30. Bxb7 Nc4 31. Rd1 Be5 32. Bc1 Nd5 33. Bc6 Nc3 34. Re1 d3 35. Rxe5 Nxe5 36. Bb2 0-1

[Event "Bundesliga 9798"]
[Site "Germany"]
[Date "1997.11.09"]
[Round "4.7"]
[White "Fuhrmann, Daniel"]
[Black "Schuh, Hubert"]
[Result "1-0"]
[WhiteElo "2295"]
[BlackElo "2305"]
[PlyCount "81"]
[EventDate "1997.10.18"]
[EventType "team-tourn"]
[EventRounds "15"]
[EventCountry "GER"]
[SourceTitle "GER-chT"]
[Source "ChessBase"]
[SourceDate "1999.07.01"]
[SourceVersion "1"]
[SourceVersionDate "1999.07.01"]
[SourceQuality "1"]
[WhiteTeam "Erfurt"]
[BlackTeam "Zaehringen"]
[WhiteTeamCountry "GER"]
[BlackTeamCountry "GER"]

1. d4 d5 2. c4 e6 3. Nc3 Nf6 4. Nf3 Be7 5. Bg5 Nbd7 6. e3 c6 7. Qc2 0-0 8. a3 a6 9. Rd1 dxc4 10. Bxc4 Nd5 11. Bxe7 Qxe7 12. Ba2 N5f6 13. 0-0 b6 14. e4 Bb7 15. e5 Ne8 16. Rfe1 Rb8 17. Ne4 c5 18. Neg5 g6 19. d5 Bxd5 20. Bxd5 exd5 21. e6 fxe6 22. Rxe6 Qg7 23. Qe2 h6 24. Re7 hxg5 25. Rxg7+ Nxg7 26. Rxd5 Rbe8 27. Qd1 g4 28. Rxd7 gxf3 29. gxf3 Rf7 30. Qd5 Re6 31. Rd6 Rxd6 32. Qxd6 Nf5 33. Qxb6 Re7 34. Qxc5 Re6 35. Qc4 Kf7 36. b4 Kf6 37. h4 Rd6 38. a4 Kg7 39. b5 axb5 40. axb5 Kh6 41. Qf4+ 1-0

[Event "Bundesliga 9798"]
[Site "Germany"]
[Date "1997.11.08"]
[Round "3.7"]
[White "Becker, Marc"]
[Black "Fuhrmann, Daniel"]
[Result "1/2-1/2"]
[WhiteElo "2430"]
[BlackElo "2295"]
[PlyCount "35"]
[EventDate "1997.10.18"]
[EventType "team-tourn"]
[EventRounds "15"]
[EventCountry "GER"]
[SourceTitle "GER-chT"]
[Source "ChessBase"]
[SourceDate "1999.07.01"]
[SourceVersion "1"]
[SourceVersionDate "1999.07.01"]
[SourceQuality "1"]
[WhiteTeam "St Ingbert"]
[BlackTeam "Erfurt"]
[WhiteTeamCountry "GER"]
[BlackTeamCountry "GER"]

1. c4 e5 2. g3 Nc6 3. Bg2 g6 4. Nc3 Bg7 5. Rb1 Nf6 6. d3 0-0 7. Nf3 d6 8. 0-0 h6 9. b4 Be6 10. b5 Ne7 11. Bd2 Qd7 12. c5 Nfd5 13. Na4 f5 14. e4 Nf6 15. Qc2 g5 16. Rfc1 Ne8 17. c6 bxc6 18. bxc6 1/2-1/2

[Event "Bundesliga 9798"]
[Site "Germany"]
[Date "1997.10.18"]
[Round "1.7"]
[White "Schmitz, Joachim"]
[Black "Fuhrmann, Daniel"]
[Result "1-0"]
[WhiteElo "2310"]
[BlackElo "2295"]
[PlyCount "61"]
[EventDate "1997.10.18"]
[EventType "team-tourn"]
[EventRounds "15"]
[EventCountry "GER"]
[SourceTitle "GER-chT"]
[Source "ChessBase"]
[SourceDate "1999.07.01"]
[SourceVersion "1"]
[SourceVersionDate "1999.07.01"]
[SourceQuality "1"]
[WhiteTeam "Duisburg"]
[BlackTeam "Erfurt"]
[WhiteTeamCountry "GER"]
[BlackTeamCountry "GER"]

1. Nf3 d5 2. g3 Nf6 3. Bg2 e6 4. 0-0 Be7 5. c4 0-0 6. b3 c5 7. Bb2 Nc6 8. e3 b6 9. Nc3 Bb7 10. d3 Qd7 11. Qe2 Rfd8 12. Rfd1 Rac8 13. Rac1 Qe8 14. e4 d4 15. Nb1 Nd7 16. Bh3 Bf8 17. Nh4 g6 18. f4 f5 19. Nd2 Qf7 20. Rf1 Nf6 21. e5 Nd7 22. Ndf3 Be7 23. Rf2 Nf8 24. Rcf1 Rd7 25. Bc1 Bd8 26. g4 Bxh4 27. Nxh4 fxg4 28. Qxg4 Ne7 29. f5 exf5 30. Nxf5 Nxf5 31. Rxf5 1-0